000 00302nam a22001337a 4500
008 171018b xxu||||| |||| 00| 0 eng d
020 _a9780132074612
041 _aeng
080 _26 ED
_a338
100 _a53
101 _aMEN
245 _aFUNDAMENTALS MANAGEMENT
_cROBBINS.SP
942 _2udc
_cBK
999 _c34756
_d34756